Départements dont le nom contient celui d'une ville - Statistiques

Statistiques générales
  • Ce quiz a été pris 9 113 fois
    9 029 depuis la dernière actualisation
  • Le résultat moyen est 3 sur 7
Statistiques - réponses
Département Commune Population % Correct
Paris Paris 2 113 705
92%
Territoire de Belfort Belfort 46 398
43%
Pas-de-Calais Calais 67 585
40%
Seine-Saint-Denis Saint-Denis 148 907
37%
Mayenne Mayenne 12 854
24%
Doubs Doubs 3 309
13%
Corrèze Corrèze 1 173
10%
Aucun quiz correspondant
Distribution des résultats
% des personnes avec chaque résultat
Percentile par nombre de réponses
Votre historique - résultats
Vous n’avez pas pris ce quiz depuis la dernière actualisation